<?xml version="1.0" encoding="UTF-8"?>
<collection xmlns="http://www.loc.gov/MARC21/slim">
 <record>
  <leader>01605nam a2200217Ia 4500</leader>
  <controlfield tag="001">TDMU_34666</controlfield>
  <controlfield tag="008">210410s9999    xx            000 0 und d</controlfield>
  <datafield tag="082" ind1=" " ind2=" ">
   <subfield code="a">658.872</subfield>
  </datafield>
  <datafield tag="090" ind1=" " ind2=" ">
   <subfield code="b">Đ106</subfield>
  </datafield>
  <datafield tag="100" ind1=" " ind2=" ">
   <subfield code="a">Đảng ủy- Bộ chỉ huy quân sự tỉnh Bình Dương</subfield>
  </datafield>
  <datafield tag="245" ind1=" " ind2="0">
   <subfield code="a">Lịch sử Đảng Bộ quân sự tỉnh Bình Dương</subfield>
  </datafield>
  <datafield tag="245" ind1=" " ind2="0">
   <subfield code="b">1945 - 2015</subfield>
  </datafield>
  <datafield tag="245" ind1=" " ind2="0">
   <subfield code="c">Ban Chấp hành Đảng bộ tỉnh Bình Dương</subfield>
  </datafield>
  <datafield tag="260" ind1=" " ind2=" ">
   <subfield code="a">H.</subfield>
  </datafield>
  <datafield tag="260" ind1=" " ind2=" ">
   <subfield code="b">Quân đội nhân dân</subfield>
  </datafield>
  <datafield tag="260" ind1=" " ind2=" ">
   <subfield code="c">2018</subfield>
  </datafield>
  <datafield tag="300" ind1=" " ind2=" ">
   <subfield code="a">448tr. tr</subfield>
  </datafield>
  <datafield tag="520" ind1=" " ind2=" ">
   <subfield code="a">Gồm 8 chương: Chương 1 Xây dựng hệ thống tổ chức Đảng, lãnh đạo lực lượng vũ trang chiến đấu và công tác trong những năm đầu kháng chiến (1945-1950); Chương 2: Lãnh đạo sắp xếp lại lực lượng và tổ chức quân sự địa phương, chiến đấugiữu vững, phát triển phong trào du kích chiến tranh (1951-1954); Chương 3 Lão đạo xây dựng lực lượng vũ trang và tổ chức quân sự địa phương, chiến đấu và công tác trong giai đoạn chống chiến lược &quot;chiến tranh đặc biệt&quot; của đế quốc Mỹ (1954-1965)...</subfield>
  </datafield>
  <datafield tag="650" ind1=" " ind2=" ">
   <subfield code="a">Đảng Cộng Sản</subfield>
   <subfield code="x">Lịch sử</subfield>
   <subfield code="z">Bình Dương</subfield>
   <subfield code="y">1945-2015; Binh Dương</subfield>
   <subfield code="x">Lịch sử Đảng</subfield>
   <subfield code="y">1945-2015</subfield>
  </datafield>
  <datafield tag="856" ind1=" " ind2=" ">
   <subfield code="u">http://lrc.tdmu.edu.vn/opac/search/detail.asp?aID=2&amp;ID=34666</subfield>
  </datafield>
  <datafield tag="980" ind1=" " ind2=" ">
   <subfield code="a">Trung tâm Học liệu Trường Đại học Thủ Dầu Một</subfield>
  </datafield>
 </record>
</collection>
